| 000 | 01558nam a2200361Ia 4500 | ||
|---|---|---|---|
| 001 | ebr10355598 | ||
| 003 | CaPaEBR | ||
| 006 | m u | ||
| 007 | cr cn||||||||| | ||
| 008 | 080421s2008 at abc sb 001 0 eng d | ||
| 020 | _z9781921410260 | ||
| 020 | _z1921410264 | ||
| 040 |
_aCaPaEBR _cCaPaEBR |
||
| 035 | _a(OCoLC)647833055 | ||
| 050 | 1 | 4 |
_aDU272.J3347 _bJ3344 2008eb |
| 100 | 1 | _aJack, Felicity. | |
| 245 | 1 | 0 |
_aPutting Queensland on the map _h[electronic resource] : _bthe life of Robert Logan Jack, geologist & explorer / _cFelicity Jack. |
| 246 | 3 | _aLife of Robert Logan Jack, geologist & explorer | |
| 246 | 3 | _aRobert Logan Jack, geologist & explorer | |
| 246 | 3 | _aRobert Logan Jack, geologist and explorer | |
| 260 |
_aSydney, NSW, Australia : _bUniversity of New South Wales Press Ltd, _c2008. |
||
| 300 |
_aix, 275 p. : _bill., maps, ports. |
||
| 504 | _aIncludes bibliographical references and index. | ||
| 533 |
_aElectronic reproduction. _bPalo Alto, Calif. : _cebrary, _d2010. _nAvailable via World Wide Web. _nAccess may be limited to ebrary affiliated libraries. |
||
| 600 | 1 | 0 |
_aJack, Robert Logan, _d1845-1921. |
| 650 | 0 |
_aExplorers _zAustralia. |
|
| 650 | 0 |
_aGeologists _zAustralia _zQueensland _vBiography. |
|
| 650 | 0 |
_aProspecting _zAustralia _zQueensland. |
|
| 651 | 0 |
_aQueensland _xDiscovery and exploration. |
|
| 655 | 7 |
_aElectronic books. _2local |
|
| 710 | 2 | _aebrary, Inc. | |
| 856 | 4 | 0 |
_uhttp://site.ebrary.com/lib/rucke/Doc?id=10355598 _zAn electronic book accessible through the World Wide Web; click to view |
| 999 |
_c107294 _d107294 |
||